<?xml version="1.0" encoding="UTF-8"?>
<record
    xmlns:xsi="http://www.w3.org/2001/XMLSchema-instance"
    xsi:schemaLocation="http://www.loc.gov/MARC21/slim http://www.loc.gov/standards/marcxml/schema/MARC21slim.xsd"
    xmlns="http://www.loc.gov/MARC21/slim">

  <leader>01269nam a22002777a 4500</leader>
  <controlfield tag="005">2011080406576.0</controlfield>
  <controlfield tag="008">090728t        xxu||||| |||| 00| 0 pun d</controlfield>
  <datafield tag="010" ind1=" " ind2=" ">
    <subfield code="a">PUN-7100</subfield>
  </datafield>
  <datafield tag="020" ind1=" " ind2=" ">
    <subfield code="c">56.00</subfield>
  </datafield>
  <datafield tag="035" ind1=" " ind2=" ">
    <subfield code="a">PN-6218</subfield>
  </datafield>
  <datafield tag="037" ind1=" " ind2=" ">
    <subfield code="b">DBAD / PUB</subfield>
  </datafield>
  <datafield tag="040" ind1=" " ind2=" ">
    <subfield code="a">dpl</subfield>
    <subfield code="b">pn</subfield>
  </datafield>
  <datafield tag="082" ind1=" " ind2=" ">
    <subfield code="a">260</subfield>
  </datafield>
  <datafield tag="100" ind1=" " ind2=" ">
    <subfield code="9">24414</subfield>
    <subfield code="a">&#xA2D;&#xA70;&#xA17;&#xA42;, &#xA30;&#xA24;&#xA28; &#xA38;&#xA3F;&#xA70;&#xA18;</subfield>
  </datafield>
  <datafield tag="245" ind1=" " ind2=" ">
    <subfield code="a">&#xA38;&#xA4D;&#xA30;&#xA40; &#xA17;&#xA41;&#xA30; &#xA2A;&#xA70;&#xA25; &#xA2A;&#xA4D;&#xA30;&#xA15;&#xA3E;&#xA38;&#xA3C; /</subfield>
    <subfield code="b">&#xA30;&#xA24;&#xA28; &#xA38;&#xA3F;&#xA70;&#xA18; &#xA2D;&#xA70;&#xA17;&#xA42;, &#xA1C;&#xA40;&#xA24; &#xA38;&#xA3F;&#xA70;&#xA18; &#xA38;&#xA40;&#xA24;&#xA32; &#xA26;&#xA4D;&#xA35;&#xA3E;&#xA30;&#xA3E; &#xA38;&#xA70;&#xA2A;&#xA3E;&#xA26;&#xA3F;&#xA24;</subfield>
  </datafield>
  <datafield tag="246" ind1=" " ind2=" ">
    <subfield code="a">Sri Gur panth prakash</subfield>
    <subfield code="b">by Rattan Singh Bhangu</subfield>
  </datafield>
  <datafield tag="260" ind1=" " ind2=" ">
    <subfield code="a">&#xA05;&#xA70;&#xA2E;&#xA4D;&#xA30;&#xA3F;&#xA24;&#xA38;&#xA30;</subfield>
    <subfield code="b">&#xA38;&#xA3F;&#xA71;&#xA16; &#xA07;&#xA24;&#xA3F;&#xA39;&#xA3E;&#xA38; &#xA30;&#xA40;&#xA38;&#xA30;&#xA1A; &#xA2C;&#xA4B;&#xA30;&#xA22; (&#xA38;&#xA3C;&#xA4D;&#xA30;&#xA4B;&#xA2E;&#xA23;&#xA40; &#xA17;&#xA41;&#xA30;&#xA26;&#xA41;&#xA06;&#xA30;&#xA3E; &#xA2A;&#xA4D;&#xA30;&#xA2C;&#xA70;&#xA27;&#xA15; &#xA15;&#xA2E;&#xA47;&#xA1F;&#xA40;)</subfield>
    <subfield code="c">2005</subfield>
  </datafield>
  <datafield tag="270" ind1=" " ind2=" ">
    <subfield code="a">S.G.P.C.</subfield>
    <subfield code="b">Amritsar</subfield>
    <subfield code="e">143002</subfield>
  </datafield>
  <datafield tag="300" ind1="4" ind2=" ">
    <subfield code="a">483p.</subfield>
    <subfield code="c">22&#xA38;&#xA47;&#xA02;&#xA2E;&#xA40; (&#xA38;&#xA1C;&#xA3F;&#xA32;&#xA71;&#xA26;)</subfield>
  </datafield>
  <datafield tag="600" ind1=" " ind2=" ">
    <subfield code="9">31401</subfield>
  </datafield>
  <datafield tag="650" ind1=" " ind2=" ">
    <subfield code="9">24431</subfield>
    <subfield code="a">&#xA38;&#xA3F;&#xA71;&#xA16; &#xA27;&#xA30;&#xA2E;</subfield>
  </datafield>
  <datafield tag="650" ind1=" " ind2=" ">
    <subfield code="a">Sikh Religious</subfield>
    <subfield code="9">35484</subfield>
  </datafield>
  <datafield tag="700" ind1=" " ind2=" ">
    <subfield code="9">35472</subfield>
    <subfield code="a">&#xA1C;&#xA40;&#xA24; &#xA38;&#xA3F;&#xA70;&#xA18; &#xA38;&#xA40;&#xA24;&#xA32;</subfield>
  </datafield>
  <datafield tag="942" ind1=" " ind2=" ">
    <subfield code="2">ddc</subfield>
    <subfield code="c">PN</subfield>
    <subfield code="h">260</subfield>
    <subfield code="m">&#xA2D;&#xA70;&#xA17;&#xA42;&#xA30;</subfield>
  </datafield>
  <datafield tag="999" ind1=" " ind2=" ">
    <subfield code="c">57560</subfield>
    <subfield code="d">57560</subfield>
  </datafield>
  <datafield tag="952" ind1=" " ind2=" ">
    <subfield code="0">0</subfield>
    <subfield code="1">0</subfield>
    <subfield code="2">ddc</subfield>
    <subfield code="4">0</subfield>
    <subfield code="7">0</subfield>
    <subfield code="8">NFIC</subfield>
    <subfield code="a">DBAD</subfield>
    <subfield code="b">DBAD</subfield>
    <subfield code="d">2011-10-11</subfield>
    <subfield code="e">DBAD/PUB</subfield>
    <subfield code="g">56.00</subfield>
    <subfield code="l">0</subfield>
    <subfield code="o">260 &#xA2D;&#xA70;&#xA17;&#xA42;&#xA30;</subfield>
    <subfield code="p">PN-6218</subfield>
    <subfield code="r">2011-10-11 00:00:00</subfield>
    <subfield code="t">1</subfield>
    <subfield code="v">56.00</subfield>
    <subfield code="y">PN</subfield>
  </datafield>
</record>
